Race & nation in modern Latin America / (Record no. 111657)

MARC details
000 -LEADER
campo de control de longitud fija 01443cam a2200373Mi 4500
001 - NÚMERO DE CONTROL
campo de control 84959
005 - FECHA Y HORA DE LA ÚLTIMA TRANSACCIÓN
campo de control 20230411090043.0
008 - DATOS DE LONGITUD FIJA--INFORMACIÓN GENERAL
campo de control de longitud fija 040723s2003 xxu 000 0 eng d
035 ## - NÚMERO DE CONTROL DEL SISTEMA
Número de control de sistema (OCoLC)ocn469989427
040 ## - FUENTE DE CATALOGACIÓN
Centro catalogador/agencia de origen BDF
Lengua de catalogación fre
Centro/agencia transcriptor BDF
016 7# - NÚMERO DE CONTROL DE UNA AGENCIA BIBLIOGRÁFICA NACIONAL
Número de control del registro FRBNF392160370000006
Fuente FrPBN
020 ## - NÚMERO INTERNACIONAL ESTÁNDAR DEL LIBRO
Número Internacional Estándar del Libro 080782769X (rel)
020 ## - NÚMERO INTERNACIONAL ESTÁNDAR DEL LIBRO
Número Internacional Estándar del Libro 9780807827697 (rel)
029 1# - OTRO NÚMERO DE CONTROL DE SISTEMA (OCLC)
Identificador de la biblioteca OCLC ZWZ
Número de control de sistema 07507155X
035 ## - NÚMERO DE CONTROL DEL SISTEMA
Número de control de sistema (OCoLC)469989427
082 1# - NÚMERO DE LA CLASIFICACIÓN DECIMAL DEWEY
Número de clasificación 305.800 98
Número de edición 22
049 ## - FONDOS LOCALES (OCLC)
Biblioteca depositaria GRAL
245 00 - MENCIÓN DEL TÍTULO
Título Race & nation in modern Latin America /
Mención de responsabilidad, etc. ed. by Nancy P. Appelbaum, Anne S. Macpherson, and Karin Alejandra Rosemblatt.
246 23 - FORMA VARIANTE DEL TITULO
Título propio/Titulo breve Race and nation in modern Latin America
260 ## - PUBLICACIÓN, DISTRIBUCIÓN, ETC.
Lugar de publicación, distribución, etc. Chapel Hill [N. C.] :
Nombre del editor, distribuidor, etc. University of North Carolina press,
Fecha de publicación, distribución, etc. cop. 2003.
300 ## - DESCRIPCIÓN FÍSICA
Extensión XVI-329 p. ;
Dimensiones 25 cm.
500 ## - NOTA GENERAL
Nota general Bibliogr. p. 283-305. Index.
650 #7 - PUNTO DE ACCESO ADICIONAL DE MATERIA--TÉRMINO DE MATERIA
Término de materia o nombre geográfico como elemento de entrada Discrimination raciale
Subdivisión geográfica Amâerique latine
Subdivisión cronológica 19e siáecle.
Fuente del encabezamiento o término ram
650 #7 - PUNTO DE ACCESO ADICIONAL DE MATERIA--TÉRMINO DE MATERIA
Término de materia o nombre geográfico como elemento de entrada Discrimination raciale
Subdivisión geográfica Amâerique latine
Subdivisión cronológica 20e siáecle.
Fuente del encabezamiento o término ram
651 #7 - PUNTO DE ACCESO ADICIONAL DE MATERIA--NOMBRE GEOGRÁFICO
Nombre geográfico Amâerique latine
Subdivisión general Relations interethniques
-- Histoire.
Fuente del encabezamiento o término ram
700 1# - ENTRADA AGREGADA--NOMBRE PERSONAL
Nombre de persona Appelbaum, Nancy P.,
Fechas asociadas al nombre 1966-....
Relación edt
700 1# - ENTRADA AGREGADA--NOMBRE PERSONAL
Nombre de persona MacPherson, Anne S.
Relación edt
700 1# - ENTRADA AGREGADA--NOMBRE PERSONAL
Nombre de persona Rosemblatt, Karin Alejandra.
Relación edt
856 42 - LOCALIZACIÓN Y ACCESO ELECTRÓNICOS
Materiales especificados Notice et cote du catalogue de la Bibliotháeque nationale de France
Identificador Uniforme de Recursos <a href="http://catalogue.bnf.fr/ark:/12148/cb39216037z">http://catalogue.bnf.fr/ark:/12148/cb39216037z</a>
886 1# - INFORMACIÓN DE CAMPO MARC FORÁNEO
2 intermrc
a 009
b a------------------
942 ## - ELEMENTOS DE ENTRADA SECUNDARIOS (KOHA)
Fuente del sistema de clasificación o colocación Clasificación de Library of Congress
Tipo de ítem Koha
994 ## -
-- C0
-- DRFGD
946 ## - PROCESAMIENTO DE INFORMACIÓN LOCAL (OCLC)
a web
Holdings
Estatus retirado Estado de pérdida Fuente del sistema de clasificación o colocación Estado de daño No para préstamo Colección Biblioteca de origen Biblioteca actual Ubicación en estantería Fecha de adquisición Código de barras Visto por última vez Copia número Tipo de ítem Koha
    Clasificación de Library of Congress     Automatización y Procesos Técnicos Biblioteca Juan Bosch Biblioteca Juan Bosch Automatización y Procesos Técnicos (1er. Piso) 11/04/2023 00000077663 17/02/2019 1